| 000 | 00000nam 2200000zi 4500 |
| 001 | 9.872334 |
| 003 | CaOODSP |
| 005 | 20221107163625 |
| 006 | m o d f |
| 007 | cr cn||||||||| |
| 008 | 190501t20192019onca o f000 0 eng d |
| 020 | |a9780660307503 |
| 040 | |aCaOODSP|beng|erda|cCaOODSP |
| 043 | |an-cn--- |
| 086 | 1 |aJ4-93/2018E-PDF |
| 245 | 00|aNational justice survey 2018 : |bfinal report / |cprepared for the Department of Justice. |
| 264 | 1|a[Ottawa] : |bDepartment of Justice Canada = Ministère de la justice Canada, |c2019. |
| 264 | 4|c©2019 |
| 300 | |a1 online resource (61 pages) : |bcolour illustrations + |eexecutive summary |
| 336 | |atext|btxt|2rdacontent |
| 337 | |acomputer|bc|2rdamedia |
| 338 | |aonline resource|bcr|2rdacarrier |
| 500 | |aIssued also in French under title: Sondage national sur la justice de 2018 : rapport final. |
| 500 | |a"Supplier: Ekos Research Associates Inc." |
| 500 | |a"Contract number: 10040-18-0071/001/CY." |
| 500 | |a"Registration Number: POR 061-18." |
| 500 | |a"Date: March 15, 2019." |
| 500 | |aThe PDF copies have been replaced (13/03/2020) with amended versions as requested by the publisher. |
| 500 | |aIssued also in HTML format. |
| 692 | 07|2gccst|aSexual harassment |
| 692 | 07|2gccst|aFamily law |
| 692 | 07|2gccst|aCriminal justice |
| 692 | 07|2gccst|aPrivacy |
| 692 | 07|2gccst|aDiscrimination |
| 692 | 07|2gccst|aPublic opinion |
| 710 | 1 |aCanada. |bDepartment of Justice. |
| 710 | 2 |aEkos Research Associates. |
| 775 | 08|tSondage national sur la justice de 2018 : |w(CaOODSP)9.872335 |
| 794 | |tNational justice survey, 2021 : |w(CaOODSP)9.902327 |
| 795 | |tNational justice survey 2017 |w(CaOODSP)9.858038 |
| 856 | 40|qPDF|s936 KB|uhttps://publications.gc.ca/collections/collection_2019/jus/J4-93-2018-eng.pdf|z(final report) |
| 856 | 40|qPDF|s50 KB|uhttps://publications.gc.ca/collections/collection_2019/jus/J4-93-2018-1-eng.pdf|z(executive summary) |
| 856 | 4 |qHTML|sN/A|uhttps://epe.lac-bac.gc.ca/100/200/301/pwgsc-tpsgc/por-ef/justice_canada/2019/061-18-e/National_Justice_Survey_2018.htm|z(final report) |
| 856 | 4 |qHTML|sN/A|uhttps://epe.lac-bac.gc.ca/100/200/301/pwgsc-tpsgc/por-ef/justice_canada/2019/061-18-e/summary/summary.html|z(executive summary) |